Champions de Moto Gp - Statistiques

Statistiques générales
  • Ce quiz a été pris 248 fois
  • Le résultat moyen est 6 sur 29
Statistiques - réponses
Nb de titres Nationnalité Réponse % Correct
7 Italien Valentino Rossi
96%
6 Espagnol Marc Marquez
91%
1 Français Fabio Quartararo
71%
2 Italien Francesco Bagnaia
49%
3 Espagnol Jorge Lorenzo
41%
2 Australien Casey Stoner
38%
1 Espagnol Joan Mir
38%
8 Italien Giacomo Agostini
33%
1 Américain Nicky Hayden
23%
3 Américain Kenny Roberts
13%
1 Américain Kevin Schwantz
9%
1 Américain Kenny Roberts Jr
7%
1 Australien Wayne Gardner
7%
1 Espagnol Alex Crivillé
6%
2 Americain Freddie Spencer
6%
4 Anglais John Surtees
6%
2 Anglais Barry Sheene
4%
4 Américain Eddie Lawson
4%
5 Australien Jack Doohan
4%
4 Anglais Mike Hailwood
4%
1 Italien Franco Uncini
3%
1 Anglais Leslie Graham
3%
3 Américain Wayne Rainey
3%
1 Rhodesien / Zimbabwe Gary Hocking
2%
4 Anglais Geoff Duke
2%
1 Italien Libero Liberati
2%
2 Anglais Phil Read
2%
1 Italien Marco Luchinelli
1%
2 Italien Umberto Masetti
1%
Aucun quiz correspondant
Distribution des résultats
% des personnes avec chaque résultat
Percentile par nombre de réponses
Votre historique - résultats
Vous n’avez pas pris ce quiz